All Björk Songs (Albums / Soundtracks only) - Statistics

General Stats
  • This quiz has been taken 32 times
  • The average score is 71 of 135
Answer Stats
Hint Answer % Correct
1 Army of Me
93%
2 Cocoon
93%
1 Human Behaviour
93%
10 All Is Full of Love
87%
7 Aurora
87%
1 Hidden Place
87%
1 Hunter
87%
2 Hyperballad
87%
7 Isobel
87%
4 It's Oh So Quiet
87%
5 Pagan Poetry
87%
3 Venus as a Boy
87%
6 5 Years
80%
4 Bachelorette
80%
2 Crying
80%
6 Frosti
80%
2 Jóga
80%
9 Pluto
80%
11 The Anchor Song
80%
3 The Modern Things
80%
8 Alarm Call
73%
1 Earth Intruders
73%
5 Enjoy
73%
11 Headphones
73%
9 I Miss You
73%
7 Immature
73%
9 Sun in My Mouth
73%
8 Aeroplane
67%
5 All Neon Like
67%
6 Big Time Sensuality
67%
9 Come to Me
67%
3 Crystalline
67%
5 Family
67%
12 Fossora
67%
3 History of Touches
67%
1 Moon
67%
7 One Day
67%
8 Possibly Maybe
67%
4 There's More to Life Than This
67%
14 Triumph of a Heart
67%
12 Unison
67%
3 Unravel
67%
4 Utopia
67%
10 Violently Happy
67%
7 Atom Dance
60%
4 Black Lake
60%
10 Cover Me
60%
9 Declare Independence
60%
11 Harm of Will
60%
4 Innocence
60%
3 It's Not Up to You
60%
2 Lionsong
60%
1 Overture
60%
1 Stonemilker
60%
4 Undo
60%
11 Ancestors
53%
10 Heirloom
53%
6 Hollow
53%
11 Hollow (7 Minute Version)
53%
8 Hope
53%
3 I've Seen It All
53%
12 Mouth's Cradle
53%
10 My Juvenile
53%
6 Notget
53%
2 Show Me Forgiveness
53%
3 The Dull Flame of Desire
53%
2 Thunderbolt
53%
2 Wanderlust
53%
3 Where Is the Line
53%
5 Dark Matter
47%
12 Dark Matter (With Choir & Organ)
47%
8 Desired Constellation
47%
5 Like Someone in Love
47%
8 Mouth Mantra
47%
9 Mutual Core
47%
9 Oceania
47%
1 Pleasure Is All Mine
47%
9 Quicksand
47%
9 Sue Me
47%
3 The Gate
47%
4 Vökuró
47%
6 You've Been Flirting Again
47%
5 Ancestress
40%
8 An Echo, a Stain
40%
1 Arisen My Senses
40%
1 Atopos
40%
2 Blissing Me
40%
4 Cosmogony
40%
6 Features Creatures
40%
9 Fungal City
40%
13 Her Mother's House
40%
5 I See Who You Are
40%
8 Losss
40%
13 Náttúra
40%
7 New World
40%
5 Öll Birtan
40%
7 Pneumonia
40%
6 Shimenawa
40%
10 Sonnets / Unrealities XI
40%
7 Submarine
40%
7 Victimhood
40%
7 Virus
40%
6 Who Is It
40%
6 107 Steps
33%
4 Bath
33%
5 Body Memory
33%
7 Courtship
33%
11 Freefall
33%
14 Future Forever
33%
9 Holographic Entrypoint
33%
5 Hunter Vessel
33%
5 In the Musicals
33%
13 Miðvikudags
33%
3 Mycelia
33%
2 Ovule
33%
8 Sacrifice
33%
13 Saint
33%
4 Scatterheart
33%
10 Solstice
33%
4 Sorrowful Soil
33%
8 Storm
33%
10 Tabula Rasa
33%
10 Trölla-Gabba
33%
6 Vertebrae by Vertebrae
33%
11 Claimstaker
27%
2 Cvalda
27%
1 Gratitude
27%
12 Paradisia
27%
2 Pearl
27%
8 Allow
20%
3 Ambergris March
20%
10 Cetacea
20%
6 Fagurt Er í Fjörðum
20%
7 Vessel Shimenawa
20%
11 Antarctic Return
13%
No matching quizzes found
Score Distribution
Percent of People with Each Score
Percentile by Number Answered
Your Score History
You have not taken this quiz